00764nam a2200181 4500001000700000003000900007005001700016007000300033008004100036100004600077245014300123260008200266300003100348700003000379852003200409999001900441952012200460110124ES-MaACL20230906184959.0t|061121s1972 sp r ||||1| spa d1 aMola de Estebam Cerrada, Fernando.98183613aLa costa del Sherry b: un nombre discutido y un propósito olvidado / cFernando Mola de Estebam Cerrada; prólogo de Jaime A. Segarra. aJerez de la Frontera (Cádiz) : b[s. n.], c1972 (fGráf. del Exportador) a74 p., 5 lám. ; c22 cm.1 aSegarra, Jaime A.9105119 aES-MaACLjC-47251 bR.83442 c110124d110124 00104070aATENEOMbATENEOMcDEPO2d2008-01-17eSCl0oC-47251p1114893r2023-02-23 00:00:00w2023-02-23yMONOGRAFIA